MARC details
| 000 -LEADER |
| campo de control de longitud fija |
02249cam a2200457Ia 4500 |
| 001 - NÚMERO DE CONTROL |
| campo de control |
87703 |
| 005 - FECHA Y HORA DE LA ÚLTIMA TRANSACCIÓN |
| campo de control |
20230410102013.0 |
| 008 - DATOS DE LONGITUD FIJA--INFORMACIÓN GENERAL |
| campo de control de longitud fija |
850903s1984 dr af 100 0 spa d |
| 035 ## - NÚMERO DE CONTROL DEL SISTEMA |
| Número de control de sistema |
(OCoLC)ocm12483593 |
| 040 ## - FUENTE DE CATALOGACIÓN |
| Centro catalogador/agencia de origen |
XQM |
| Centro/agencia transcriptor |
XQM |
| Centro/agencia modificador |
PIT |
| -- |
OCL |
| 035 ## - NÚMERO DE CONTROL DEL SISTEMA |
| Número de control de sistema |
(OCoLC)12483593 |
| 043 ## - CÓDIGO DE ÁREA GEOGRÁFICA |
| Código de área geográfica |
nwdr--- |
| 050 14 - SIGNATURA TOPOGRÁFICA DE LA BIBLIOTECA DEL CONGRESO |
| Número de clasificación |
118 HB 3552 |
| Número de ítem |
P739 1984 |
| 082 00 - NÚMERO DE LA CLASIFICACIÓN DECIMAL DEWEY |
| Número de clasificación |
304.6 |
| 245 00 - MENCIÓN DEL TÍTULO |
| Título |
Población y pobreza en la República Dominicana / |
| Mención de responsabilidad, etc. |
[editor Frank Moya Pons] |
| 260 ## - PUBLICACIÓN, DISTRIBUCIÓN, ETC. |
| Lugar de publicación, distribución, etc. |
Santo Domingo, República Dominicana : |
| Nombre del editor, distribuidor, etc. |
FORUM, |
| Fecha de publicación, distribución, etc. |
1984. |
| 300 ## - DESCRIPCIÓN FÍSICA |
| Extensión |
199 p., [3] folded leaves of plates : |
| Otras características físicas |
ill. ; |
| Dimensiones |
22 cm. |
| 440 #0 - MENCIÓN DE SERIE/PUNTO DE ACCESO ADICIONAL--TÍTULO |
| Título |
FORUM ; |
| Designación de volumen o secuencia |
12 |
| 500 ## - NOTA GENERAL |
| Nota general |
Papers presented at a meeting of FORUM, held Dec. 12, 1983, Hotel Santo Domingo Sheraton. |
| 505 0# - NOTA DE CONTENIDO CON FORMATO |
| Nota de contenido con formato |
La economía agraria, la pobreza y la población en la República Dominicana / por Pablo Rodríguez Núñez -- Cambios en los niveles de vida en la República Dominicana / por Julio Cross Beras -- Cambios en los niveles de ingresos y patrones de consumo, según estratos poblacionales de ingreso, 1976-1977 / por Gumersindo del Rosario Mota y Patria Stella Madera Daniel -- Planificación familiar, crecimiento demográfico y condiciones de vida en la República Dominicana. Planteamientos para una política de población y desarrollo / por Nelson Ramírez. |
| 650 #0 - PUNTO DE ACCESO ADICIONAL DE MATERIA--TÉRMINO DE MATERIA |
| Término de materia o nombre geográfico como elemento de entrada |
Dominican Republic |
| Subdivisión general |
Population. |
| 650 #0 - PUNTO DE ACCESO ADICIONAL DE MATERIA--TÉRMINO DE MATERIA |
| Término de materia o nombre geográfico como elemento de entrada |
Poverty |
| Subdivisión geográfica |
Dominican Republic |
| Subdivisión de forma |
Congresses. |
| 650 #0 - PUNTO DE ACCESO ADICIONAL DE MATERIA--TÉRMINO DE MATERIA |
| Término de materia o nombre geográfico como elemento de entrada |
Social mobility |
| Subdivisión geográfica |
Dominican Republic |
| Subdivisión de forma |
Congresses. |
| 650 #0 - PUNTO DE ACCESO ADICIONAL DE MATERIA--TÉRMINO DE MATERIA |
| Término de materia o nombre geográfico como elemento de entrada |
Poverty |
| Subdivisión general |
Research |
| Subdivisión geográfica |
Dominican Republic |
| Subdivisión general |
Congresses. |
| 650 #0 - PUNTO DE ACCESO ADICIONAL DE MATERIA--TÉRMINO DE MATERIA |
| Término de materia o nombre geográfico como elemento de entrada |
Population research |
| Subdivisión geográfica |
Dominican Republic |
| Subdivisión general |
Congresses. |
| 650 #0 - PUNTO DE ACCESO ADICIONAL DE MATERIA--TÉRMINO DE MATERIA |
| Término de materia o nombre geográfico como elemento de entrada |
Dominican Republic |
| Subdivisión general |
Population. |
| 650 #0 - PUNTO DE ACCESO ADICIONAL DE MATERIA--TÉRMINO DE MATERIA |
| Término de materia o nombre geográfico como elemento de entrada |
Poverty |
| Subdivisión geográfica |
Dominican Republic |
| Subdivisión de forma |
Congresses. |
| 650 #0 - PUNTO DE ACCESO ADICIONAL DE MATERIA--TÉRMINO DE MATERIA |
| Término de materia o nombre geográfico como elemento de entrada |
Social mobility |
| Subdivisión geográfica |
Dominican Republic |
| Subdivisión de forma |
Congresses. |
| 650 #4 - PUNTO DE ACCESO ADICIONAL DE MATERIA--TÉRMINO DE MATERIA |
| Término de materia o nombre geográfico como elemento de entrada |
Población |
| Subdivisión geográfica |
República Dominicana. |
| 650 #4 - PUNTO DE ACCESO ADICIONAL DE MATERIA--TÉRMINO DE MATERIA |
| Término de materia o nombre geográfico como elemento de entrada |
Pobreza |
| Subdivisión geográfica |
República Dominicana. |
| 650 #4 - PUNTO DE ACCESO ADICIONAL DE MATERIA--TÉRMINO DE MATERIA |
| Término de materia o nombre geográfico como elemento de entrada |
Movilidad social |
| Subdivisión geográfica |
República Dominicana |
| Subdivisión de forma |
Congresos |
| 651 #4 - PUNTO DE ACCESO ADICIONAL DE MATERIA--NOMBRE GEOGRÁFICO |
| Nombre geográfico |
República Dominicana |
| Subdivisión general |
Población. |
| 651 #4 - PUNTO DE ACCESO ADICIONAL DE MATERIA--NOMBRE GEOGRÁFICO |
| Nombre geográfico |
República Dominicana |
| Subdivisión general |
Condiciones sociales. |
| 650 #4 - PUNTO DE ACCESO ADICIONAL DE MATERIA--TÉRMINO DE MATERIA |
| Término de materia o nombre geográfico como elemento de entrada |
CFB |
| 650 #4 - PUNTO DE ACCESO ADICIONAL DE MATERIA--TÉRMINO DE MATERIA |
| Término de materia o nombre geográfico como elemento de entrada |
Colección Font Bernard |
| 700 1# - ENTRADA AGREGADA--NOMBRE PERSONAL |
| Nombre de persona |
Moya Pons, Frank, |
| Fechas asociadas al nombre |
1944- |
| 710 2# - ENTRADA AGREGADA--NOMBRE DE ENTIDAD CORPORATIVA |
| Nombre de entidad corporativa o nombre de jurisdicción como elemento de entrada |
FORUM (Debating society) |
| 942 ## - ELEMENTOS DE ENTRADA SECUNDARIOS (KOHA) |
| Fuente del sistema de clasificación o colocación |
Clasificación de Library of Congress |
| Tipo de ítem Koha |
|
| 946 ## - PROCESAMIENTO DE INFORMACIÓN LOCAL (OCLC) |
| a |
bc |
| 994 ## - |
| -- |
C0 |
| -- |
DRFGD |